Actualités du mois de juillet 2025 - Statistiques

Statistiques générales
  • Ce quiz a été pris 145 fois
  • Le résultat moyen est 5 sur 10
Statistiques - réponses
Dates Questions Réponse % Correct
25 juillet Quel Etat Emmanuel Macron a-t-il annoncé vouloir reconnaître en septembre prochain ? Palestine
85%
9 juillet Au siège de quel parti politique des perquisitions ont eu lieu dans le cadre d'une enquête pour financement illicite des campagnes ? Rassemblement national
78%
2 juillet Après des semaines de procès, quel rappeur a été déclaré non coupable de trafic sexuel et d'association de malfaiteurs ? P. Diddy
68%
14 juillet Quel animateur et producteur de télévision français est décédé ? Thierry Ardisson
54%
8 juillet Quelle loi a été adoptée par le Parlement, présentée comme une réponse à la colère des agriculteurs ? Loi Duplomb
51%
16 juillet Quel pays a bombardé Israël, visant notamment le QG de l'armée et les abords du palais présidentiel ? Syrie
43%
29 juillet Quel pays a le plus subi le séisme de magnétude 8,8 ? Russie
33%
9 juillet Quel humoriste est décédé après avoir chuté du 8e étage d’un immeuble ? Bun Hay Mean
32%
17 juillet Dans quel pays africain la France a mis fin à sa présence militaire permanente ? Sénégal
30%
22 juillet De quelle organisation internationale les Etats Unis ont annoncé se retirer ? UNESCO
24%
Aucun quiz correspondant
Distribution des résultats
% des personnes avec chaque résultat
Percentile par nombre de réponses
Votre historique - résultats
Vous n’avez pas pris ce quiz